000 00308nam a22001337a 4500
008 170907b xxu||||| |||| 00| 0 eng d
020 _a070993016951
041 _aeng
080 _a721
100 _a41
101 _aNDI
245 _aGUIDE TO BUILDING AND REMODELING MATERIALS
_cVILA, B
942 _2udc
_cBK
999 _c26540
_d26540